| 000 | 004950000a22001810004500 | ||
|---|---|---|---|
| 003 | MACL | ||
| 005 | 20160221124656.0 | ||
| 008 | 160221b xxu||||| |||| 00| 0 eng d | ||
| 040 |
_aMACL _cMACL |
||
| 041 | _aHindi | ||
| 082 | _a368 | ||
| 100 |
_aवर्मा फूलदेव सहाय _939414 |
||
| 245 | _aरबर | ||
| 260 |
_bबिहार राष्ट्रभाषा _c1955 _aपटना |
||
| 350 | _a7 | ||
| 650 |
_aProduction _939415 |
||
| 942 |
_cHIN _k368 _2ddc |
||
| 999 |
_c23725 _d23725 |
||